University Home | Library Home | Institutional Repository

Underdevelopment socialism. (Record no. 169936)

MARC details
000 -LEADER
fixed length control field 00591cam3a220021700 4500
001 - CONTROL NUMBER
control field zam00002801
008 - FIXED-LENGTH DATA ELEMENTS--GENERAL INFORMATION
fixed length control field 951128s1973 xx eng u
035 ## - SYSTEM CONTROL NUMBER
System control number (Sirsi) r20143
035 ## - SYSTEM CONTROL NUMBER
System control number (MACHINE)SLC.
100 ## - MAIN ENTRY--PERSONAL NAME
Personal name Cliffe, L.
Linkage A81372.1
245 10 - TITLE STATEMENT
Title Underdevelopment socialism.
260 ## - PUBLICATION, DISTRIBUTION, ETC.
Date of publication, distribution, etc. 1973.
591 ## -
-- Class code: PA 410.
591 ## -
-- Course: Development administration.
591 ## -
-- School: S05.
591 ## -
-- Lecturer: Dr. MUSHOTA, R.T.
591 ## -
-- Number of Students: 101.
949 ## - LOCAL PROCESSING INFORMATION (OCLC)
a CLI1-UND
w lcc
m MAIN
t BOOK
l ON-SHELF
909 ## -
-- Book

No items available.

© 2026 - The University of Zambia Library - Koha v25.11